[Event "Florianopolis op 5th"]
[Site "Florianopolis"]
[Date "2019.01.26"]
[Round "8"]
[White "Bracht, Rainer"]
[Black "Frattini, Beatriz Maria"]
[Result "1/2-1/2"]
[WhiteElo "1878"]
[BlackElo "1638"]
[PlyCount "138"]
[EventDate "2019.01.21"]
[EventType "swiss"]
[EventRounds "10"]
[EventCountry "BRA"]
[SourceTitle "CBM 188 Extra"]
[Source "ChessBase"]
[SourceDate "2019.02.26"]
[SourceVersion "1"]
[SourceVersionDate "2019.02.26"]
[SourceQuality "1"]

1. d4 Nf6 2. c4 g6 3. Nc3 d5 4. Bf4 Bg7 5. e3 0-0 6. Nf3 c6 7. Be2 dxc4 8. Bxc4 Nbd7 9. 0-0 Nh5 10. Bg5 h6 11. Bh4 g5 12. Bg3 Nxg3 13. hxg3 Qb6 14. a3 e5 15. dxe5 Nxe5 16. Nxe5 Bxe5 17. Qc2 Bg7 18. Rad1 Bg4 19. Rd2 Kh8 20. Na4 Qc7 21. Be2 Bxe2 22. Rxe2 Rad8 23. Rd1 Rxd1+ 24. Qxd1 Rd8 25. Rd2 Rxd2 26. Qxd2 b6 27. Nc3 Be5 28. b3 Qd6 29. Qxd6 Bxd6 30. a4 f5 31. Kf1 Kg7 32. Ne2 c5 33. Ke1 Kf6 34. Kd2 Ke5 35. Kd3 a6 36. Nc3 Bf8 37. f4+ Kd6 38. e4 gxf4 39. gxf4 fxe4+ 40. Nxe4+ Ke6 41. g4 Bg7 42. a5 bxa5 43. Nxc5+ Kd5 44. Ne4 Bb2 45. Nc3+ Ke6 46. Nd1 Bf6 47. Ke4 Bd8 48. Ne3 Kf6 49. Nd5+ Ke6 50. Ne3 Be7 51. Nf5 Bf8 52. Nd4+ Kf6 53. Nc6 a4 54. bxa4 Bd6 55. Nd4 Bb8 56. Nf5 Kg6 57. Kf3 h5 58. Nh4+ Kh6 59. g5+ Kg7 60. Ke4 Kf7 61. Kf5 Bc7 62. g6+ Kg7 63. Kg5 Bd6 64. Kxh5 Bxf4 65. Nf5+ Kg8 66. g7 Kf7 67. Kg4 Be5 68. Kf3 Bxg7 69. Nxg7 Kxg7 1/2-1/2

[Event "Florianopolis op 5th"]
[Site "Florianopolis"]
[Date "2019.01.24"]
[Round "5"]
[White "Lopes Fo, Jorge Antonio Ferre"]
[Black "Bracht, Rainer"]
[Result "1-0"]
[WhiteElo "2122"]
[BlackElo "1878"]
[PlyCount "39"]
[EventDate "2019.01.21"]
[EventType "swiss"]
[EventRounds "10"]
[EventCountry "BRA"]
[SourceTitle "CBM 188 Extra"]
[Source "ChessBase"]
[SourceDate "2019.02.26"]
[SourceVersion "1"]
[SourceVersionDate "2019.02.26"]
[SourceQuality "1"]

1. d4 Nf6 2. c4 e6 3. g3 d5 4. Bg2 Be7 5. Nf3 0-0 6. 0-0 b6 7. cxd5 exd5 8. Nc3 Bb7 9. Ne5 c6 10. Qa4 Nfd7 11. Nxd7 Nxd7 12. b4 b5 13. Qb3 a5 14. bxa5 Qxa5 15. e4 b4 16. exd5 Ba6 17. Re1 Bf6 18. dxc6 bxc3 19. cxd7 Rab8 20. Qxb8 1-0

[Event "Florianopolis op 5th"]
[Site "Florianopolis"]
[Date "2019.01.23"]
[Round "4"]
[White "Henriquetta, Rafael Stolf"]
[Black "Bracht, Rainer"]
[Result "0-1"]
[WhiteElo "1450"]
[BlackElo "1878"]
[PlyCount "71"]
[EventDate "2019.01.21"]
[EventType "swiss"]
[EventRounds "10"]
[EventCountry "BRA"]
[SourceTitle "CBM 188 Extra"]
[Source "ChessBase"]
[SourceDate "2019.02.26"]
[SourceVersion "1"]
[SourceVersionDate "2019.02.26"]
[SourceQuality "1"]

1. e4 d6 2. d4 Nf6 3. Nc3 g6 4. Nf3 Bg7 5. Be2 0-0 6. 0-0 Nbd7 7. h3 c5 8. Re1 cxd4 9. Nxd4 a6 10. a4 Ne5 11. Be3 Bd7 12. f4 Nc6 13. Qd2 Re8 14. Bf3 Nxd4 15. Bxd4 Bc6 16. g3 Qd7 17. Kh2 b5 18. axb5 axb5 19. Qe3 Qb7 20. Rxa8 Rxa8 21. Nd1 Ra4 22. c3 Ra2 23. Re2 Ra1 24. Bxf6 Bxf6 25. Nf2 Bg7 26. Nd3 d5 27. Nc5 Qa8 28. exd5 Bxd5 29. Bg2 e6 30. g4 Qa2 31. Bxd5 Qxd5 32. Rd2 Qh1+ 33. Kg3 h6 34. Rg2 Re1 35. Qf2 g5 36. Nd3 0-1

[Event "Florianopolis op 5th"]
[Site "Florianopolis"]
[Date "2019.01.22"]
[Round "2"]
[White "Broday, Geovani Allan"]
[Black "Bracht, Rainer"]
[Result "1/2-1/2"]
[WhiteElo "2129"]
[BlackElo "1878"]
[PlyCount "228"]
[EventDate "2019.01.21"]
[EventType "swiss"]
[EventRounds "10"]
[EventCountry "BRA"]
[SourceTitle "CBM 188 Extra"]
[Source "ChessBase"]
[SourceDate "2019.02.26"]
[SourceVersion "1"]
[SourceVersionDate "2019.02.26"]
[SourceQuality "1"]

1. e4 e5 2. Nf3 Nc6 3. Bc4 Bc5 4. c3 Nf6 5. d3 0-0 6. Bb3 d6 7. 0-0 Qe7 8. Bc2 Bb6 9. h3 h6 10. Nbd2 a6 11. Nc4 Ba7 12. Be3 Be6 13. Bxa7 Rxa7 14. Ne3 Bd7 15. Nh4 g6 16. Bb3 Kg7 17. Qf3 Nh7 18. Qg3 Qg5 19. Qxg5 Nxg5 20. f4 exf4 21. Rxf4 Ne7 22. Raf1 Raa8 23. Kh2 Rae8 24. g4 Be6 25. Bc2 h5 26. gxh5 Rh8 27. Bd1 Nxh3 28. R4f3 Ng5 29. Rg3 f6 30. Kg2 gxh5 31. Nf3 Kg6 32. Nh4+ Kg7 33. Nf3 Kg6 34. Nh4+ Kg7 35. Kf2 Kh6 36. Ke1 Ref8 37. Rh1 Kg7 38. Neg2 Ng6 39. Nxg6 Kxg6 40. Nf4+ Kf7 41. Bxh5+ Rxh5 42. Rxh5 Bxa2 43. Nh3 Ne6 44. Rh7+ Ke8 45. Kd2 Bb3 46. Ke3 Rf7 47. Rh8+ Kd7 48. Nf4 Nxf4 49. Kxf4 Be6 50. Rh5 c6 51. d4 d5 52. c4 Kd6 53. exd5 cxd5 54. c5+ Kc6 55. Rh6 Bd7 56. Rgg6 Kb5 57. Rxf6 Rxf6+ 58. Rxf6 Bc6 59. Ke5 Kc4 60. Rf3 a5 61. Rc3+ Kb5 62. Kd6 a4 63. Ke5 Ka5 64. Kf4 Kb4 65. Ke3 Ka5 66. Kd2 Kb4 67. Kc2 Bb5 68. Kd2 Bc6 69. Ke3 Ka5 70. Kf4 Kb4 71. Ke5 Kb5 72. Kd6 Kb4 73. Kc7 Kb5 74. Rc2 Kb4 75. Kb6 Kb3 76. Rd2 Kb4 77. Rf2 Kb3 78. Ka5 Kc4 79. Rd2 Kb3 80. Kb6 Kb4 81. Rh2 Kb3 82. Rf2 Kc4 83. Rf4 Kb3 84. Rf2 Kc4 85. Rd2 Kb3 86. Rh2 Kc4 87. Rh4 Kb3 88. Rh2 Kc4 89. Rh6 Kxd4 90. Rxc6 bxc6 91. Kxc6 Ke4 92. Kb5 d4 93. c6 d3 94. c7 d2 95. c8Q d1Q 96. Qe6+ Kf4 97. Qc4+ Kg5 98. Qxa4 Qd5+ 99. Kb4 Qd4+ 100. Ka3 Qd3+ 101. Ka2 Qd5+ 102. b3 Qd2+ 103. Ka3 Qc1+ 104. Kb4 Qd2+ 105. Kb5 Qd5+ 106. Kb6 Qd8+ 107. Kb5 Qd5+ 108. Ka6 Qd6+ 109. Ka5 Qd8+ 110. Ka6 Qd6+ 111. Kb7 Qd5+ 112. Kc7 Qe5+ 113. Kb6 Qb8+ 114. Kc5 Qe5+ 1/2-1/2

[Event "Caioba Telecom op"]
[Site "Caioba"]
[Date "2018.08.02"]
[Round "4"]
[White "Vicenzi, Liziane Nathalia"]
[Black "Bracht, Rainer"]
[Result "0-1"]
[WhiteElo "1506"]
[BlackElo "1926"]
[PlyCount "68"]
[EventDate "2018.08.01"]
[EventType "swiss"]
[EventRounds "9"]
[EventCountry "BRA"]
[SourceTitle "CBM 186 Extra"]
[Source "ChessBase"]
[SourceDate "2018.08.24"]
[SourceVersion "1"]
[SourceVersionDate "2018.08.24"]
[SourceQuality "1"]

1. d4 Nf6 2. c4 e6 3. Nc3 Bb4 4. e3 0-0 5. Bd3 b6 6. Nge2 Bb7 7. 0-0 d5 8. a3 Bxc3 9. Nxc3 Nbd7 10. Qc2 c5 11. f3 a6 12. b4 cxd4 13. exd4 dxc4 14. Be4 Bd5 15. Bg5 h6 16. Bh4 Qc7 17. b5 axb5 18. Nxb5 Qc6 19. Nc3 b5 20. Rfb1 Ra5 21. Be1 Ra6 22. Rxb5 Qd6 23. Bxd5 exd5 24. Na4 Rfa8 25. Nc5 Rxa3 26. Rxa3 Rxa3 27. Bb4 Ra1+ 28. Kf2 Qxh2 29. Nxd7 Nxd7 30. Rb7 Rg1 31. Ke3 Rxg2 32. Qd1 Qh3 33. Qf1 Qe6+ 34. Kf4 g5# 0-1

[Event "Caioba Telecom op"]
[Site "Caioba"]
[Date "2018.08.01"]
[Round "1"]
[White "Bracht, Rainer"]
[Black "Bartmeyer, Jose Francisco"]
[Result "1-0"]
[WhiteElo "1926"]
[BlackElo "1200"]
[PlyCount "85"]
[EventDate "2018.08.01"]
[EventType "swiss"]
[EventRounds "9"]
[EventCountry "BRA"]
[SourceTitle "CBM 186 Extra"]
[Source "ChessBase"]
[SourceDate "2018.08.24"]
[SourceVersion "1"]
[SourceVersionDate "2018.08.24"]
[SourceQuality "1"]

1. e4 e5 2. Nf3 Nc6 3. Bb5 a6 4. Ba4 Nf6 5. 0-0 Bc5 6. c3 Nxe4 7. Qe2 Nf6 8. d4 Be7 9. dxe5 Nd5 10. Bb3 Nb6 11. Bf4 g5 12. Nxg5 Bxg5 13. Qh5 Qe7 14. Bxg5 Qf8 15. Bh6 Qe7 16. Bg7 Rg8 17. Qxh7 Rxg7 18. Qxg7 d5 19. exd6 cxd6 20. Nd2 Be6 21. Rfe1 d5 22. Nf3 0-0-0 23. Ng5 Qd6 24. Nxf7 Bxf7 25. Qxf7 Kb8 26. Re8 Ne5 27. Rxd8+ Qxd8 28. Qf4 Qe7 29. h3 Ka8 30. Qe3 Qd6 31. Rd1 Nbc4 32. Bxc4 Nxc4 33. Qe8+ Ka7 34. b3 Nb6 35. Qe3 Qa3 36. Rd2 Qc1+ 37. Kh2 Qb1 38. g4 d4 39. Qxd4 Qe1 40. Qe3 Qb1 41. Rd6 Qb2 42. Qxb6+ Kb8 43. Rd8# 1-0

[Event "Caioba Telecom op"]
[Site "Caioba"]
[Date "2017.10.01"]
[Round "8"]
[White "Salvadego, Matheus Henrique De"]
[Black "Bracht, Rainer"]
[Result "0-1"]
[WhiteElo "1537"]
[BlackElo "1889"]
[PlyCount "140"]
[EventDate "2017.09.28"]
[EventType "swiss"]
[EventRounds "8"]
[EventCountry "BRA"]
[SourceTitle "EXT 2020"]
[Source "ChessBase"]
[SourceDate "2019.10.17"]
[SourceVersion "1"]
[SourceVersionDate "2019.10.17"]
[SourceQuality "1"]

1. d4 Nf6 2. c4 e6 3. Nc3 Bb4 4. e3 b6 5. Bd3 Bb7 6. Nf3 0-0 7. 0-0 d5 8. a3 Bxc3 9. bxc3 Nbd7 10. cxd5 exd5 11. c4 c5 12. Bb2 Rc8 13. dxc5 dxc4 14. Bxc4 Rxc5 15. Be2 Re8 16. Rc1 Rxc1 17. Qxc1 Nc5 18. Bb5 Rf8 19. Rd1 Qe7 20. Be2 Rc8 21. Bxf6 Qxf6 22. Qd2 h6 23. Qd4 Qxd4 24. Nxd4 g6 25. h3 Ne4 26. Bf3 Rc5 27. Bxe4 Bxe4 28. Ne2 Ra5 29. Nc3 Bc6 30. Nb1 Kf8 31. Rc1 Bd7 32. Rc3 Rd5 33. Rc1 Ke7 34. Kh2 Kd6 35. Nc3 Ra5 36. Nb1 Bf5 37. Nd2 Rc5 38. Rd1 Kc6 39. Nb3 Rc3 40. Nd4+ Kc5 41. Nxf5 gxf5 42. Rd7 Rxa3 43. Rxf7 b5 44. Rxf5+ Kc4 45. e4 b4 46. e5 Kd5 47. Rf4 a5 48. Rf6 Kxe5 49. Rxh6 b3 50. Rb6 a4 51. h4 Ra2 52. h5 Rxf2 53. h6 Rf7 54. Rb4 Ra7 55. Kg3 Kf6 56. Rb6+ Kf5 57. Kh4 a3 58. g4+ Ke4 59. Rb4+ Kd5 60. Rxb3 a2 61. Rd3+ Ke6 62. Rd1 a1Q 63. Rxa1 Rxa1 64. Kg5 Kf7 65. Kh5 Rh1+ 66. Kg5 Rh2 67. Kf5 Rxh6 68. Kg5 Ra6 69. Kh5 Kg7 70. Kh4 Kg6 0-1

[Event "Caioba Telecom op"]
[Site "Caioba"]
[Date "2017.09.30"]
[Round "5"]
[White "Bracht, Rainer"]
[Black "Bruce, Shannon Hill"]
[Result "1/2-1/2"]
[WhiteElo "1889"]
[BlackElo "2151"]
[PlyCount "154"]
[EventDate "2017.09.28"]
[EventType "swiss"]
[EventRounds "8"]
[EventCountry "BRA"]
[SourceTitle "EXT 2018"]
[Source "ChessBase"]
[SourceDate "2017.10.13"]
[SourceVersion "1"]
[SourceVersionDate "2017.10.13"]
[SourceQuality "1"]

1. e4 d6 2. d4 Nf6 3. Nc3 g6 4. Nf3 Bg7 5. Bc4 0-0 6. 0-0 Nxe4 7. Nxe4 d5 8. Ned2 dxc4 9. Nxc4 b6 10. Re1 Bb7 11. c3 Nd7 12. Bf4 Rc8 13. Nce5 Nf6 14. Qa4 Nh5 15. Bg3 Bxe5 16. Nxe5 Qd5 17. Nf3 e6 18. Re5 Qc6 19. Qa3 Rfe8 20. Rae1 Ng7 21. Qb3 f6 22. R5e3 Kf7 23. Qd1 a5 24. b3 Nf5 25. Rd3 Qd7 26. Qd2 Kg7 27. Rd1 Rcd8 28. Qf4 Re7 29. h4 Qe8 30. Bh2 h5 31. Bg3 Red7 32. Ne1 Qe7 33. Nc2 c5 34. Ne3 Nxg3 35. Qxg3 Be4 36. R3d2 cxd4 37. cxd4 Qd6 38. Qxd6 Rxd6 39. f3 Bb7 40. Nc4 Rc6 41. d5 exd5 42. Rxd5 Rxd5 43. Rxd5 Rc7 44. Rd6 a4 45. Rxb6 axb3 46. axb3 Bd5 47. Ne3 Rc1+ 48. Kf2 Bf7 49. b4 Rb1 50. b5 Rb2+ 51. Kg3 Be8 52. Rb7+ Kf8 53. b6 Bc6 54. Rb8+ Ke7 55. Nc4 Rb5 56. Rc8 Bd7 57. Rg8 Be6 58. Rg7+ Kf8 59. Rc7 Bxc4 60. b7 Rxb7 61. Rxb7 Bd5 62. Ra7 Be6 63. Kf4 Bf7 64. g3 Kg7 65. Ke3 Kf8 66. Kd4 Bb3 67. f4 Be6 68. Kc5 Bf5 69. Kd6 Bg4 70. Rc7 Bf5 71. Rc5 Bg4 72. Ra5 Bh3 73. Ra7 Bf5 74. Ra6 Bg4 75. Kc7 Kf7 76. Kd8 Bh3 77. Rd6 Bg4 1/2-1/2

[Event "Foz do Iguacu op 6th"]
[Site "Foz do Iguacu"]
[Date "2016.05.29"]
[Round "6"]
[White "Bracht, Rainer"]
[Black "Villalba, Marcelo"]
[Result "0-1"]
[WhiteElo "1804"]
[BlackElo "2265"]
[PlyCount "98"]
[EventDate "2016.05.27"]
[EventType "swiss"]
[EventRounds "6"]
[EventCountry "BRA"]
[SourceTitle "CBM 172 Extra"]
[Source "ChessBase"]
[SourceDate "2016.06.21"]
[SourceVersion "1"]
[SourceVersionDate "2016.06.21"]
[SourceQuality "1"]

1. d4 Nf6 2. c4 e6 3. Nc3 d5 4. Bg5 c6 5. e3 Nbd7 6. Nf3 Qa5 7. Bxf6 Nxf6 8. Qb3 Ne4 9. Bd3 Nxc3 10. bxc3 Bd6 11. 0-0 0-0 12. e4 dxe4 13. Bxe4 e5 14. Rfe1 exd4 15. cxd4 Qc7 16. h3 Bd7 17. Ne5 Bxe5 18. dxe5 Be6 19. Qc3 Rad8 20. a4 Rd7 21. Rad1 Rfd8 22. Rxd7 Rxd7 23. f4 g6 24. Re3 Qd8 25. Rd3 Qb6+ 26. c5 Qb1+ 27. Kh2 Qf1 28. Rf3 Qc4 29. Qxc4 Bxc4 30. Rc3 Rd4 31. Re3 Ba6 32. Bc2 Rxf4 33. Bb3 Bc4 34. Bxc4 Rxc4 35. Rb3 Rxa4 36. Rxb7 Ra5 37. Kg3 Rxc5 38. Rxa7 Rxe5 39. Rc7 Re6 40. Kf4 Kg7 41. g4 h6 42. h4 Rd6 43. g5 hxg5+ 44. hxg5 Rd4+ 45. Kg3 Rd5 46. Kf4 Rf5+ 47. Kg4 c5 48. Rc6 Kf8 49. Rc7 Ke8 0-1